| 000 | 01425cam a2200373 a 4500 | ||
|---|---|---|---|
| 001 | 146773 | ||
| 003 | EG-ScBUE | ||
| 005 | 20220323110703.0 | ||
| 008 | 981007s1998 nyub f b 000 p eng d | ||
| 020 | _a0374525749 | ||
| 020 | _a9780374525743 | ||
| 040 |
_aDLC _beng _erda _cDLC _dDLC _dEG-ScBUE |
||
| 041 | 1 |
_aeng _hgrc |
|
| 082 | 0 | 4 |
_a883.01 _222 _bHOM |
| 100 | 0 |
_aHomer, _eauthor. _924762 |
|
| 240 | 1 | 0 |
_aOdyssey. _lEnglish |
| 245 | 1 | 4 |
_aThe odyssey / _cHomer ; translated by Robert Fitzgerald ; introduction by D.S. Carne-Ross. |
| 264 | 1 |
_aNew York : _bFarrar, Straus and Giroux, _c1998. |
|
| 300 |
_alxx, 515 pages : _bmaps ; _c22 cm |
||
| 336 |
_2rdacontent _atext _btxt |
||
| 337 |
_2rdamedia _aunmediated _bn |
||
| 338 |
_2rdacarrier _avolume _bnc |
||
| 504 | _aIncludes bibliographical references. | ||
| 546 | _aText in English ; translated from the original Ancient Greek. | ||
| 650 | 7 |
_aEpic poetry, Greek _vTranslations into English. _924763 _2BUEsh |
|
| 650 | 7 |
_aOdysseus (Greek mythology) _vPoetry. _924764 _2BUEsh |
|
| 651 | _2BUEsh | ||
| 653 |
_cJune2011 _bGGEN |
||
| 655 |
_vReading book _934232 |
||
| 700 | 1 |
_aFitzgerald, Robert, _d1910-1985, _etranslator. _924765 |
|
| 700 | 1 |
_aCarne-Ross, D. S., _eauthor of introduction, etc. |
|
| 942 |
_2ddc _cBB |
||
| 999 |
_c15554 _d15554 |
||